Adventures of Huckleberry Finn

Gespeichert in:
Bibliographische Detailangaben
1. Verfasser: Twain, Mark (VerfasserIn)
Format: Buch
Sprache:Englisch
Veröffentlicht: Nueva York Dover 1994
Schriftenreihe:Dover Thrift Editions
Schlagworte:
Tags: Tag hinzufügen
Keine Tags, Fügen Sie den ersten Tag hinzu!

MARC

LEADER 00000nam a2200000 a 4500
001 UCO5869
003 CL-VaPUC
008 000915e19940000US |||||||||||||||||eng|d
082 0 4 |a 813  |b TWA  |2 21 
100 0 |a Twain, Mark  |e author  |9 243 
245 1 0 |a Adventures of Huckleberry Finn 
300 |a 220 p 
942 |c BK 
945 |d 20000915 00:00:00  |a cmena 
260 |a Nueva York  |b Dover  |c 1994 
650 0 |a Novelas estadounidenses  |9 265217 
650 0 |a Literatura estadounidense  |9 317168 
583 |a last modification  |c 20000915 00:00:00  |k Rodrigo Vera 
490 0 |a Dover Thrift Editions 
999 |c 291696  |d 291694 
952 |0 0  |1 0  |4 0  |6 813_000000000000000_TWA_1994  |7 0  |8 A  |9 341825  |a BIBEDU  |b BIBEDU  |d 2019-11-20  |i 3651452  |o 813 TWA 1994  |p 3651452  |r 2019-11-20  |w 2019-11-20  |y BK  |k LIT 
952 |0 0  |1 0  |4 0  |6 813_000000000000000_TWA_1994  |7 0  |8 A  |9 341826  |a BIBEDU  |b BIBEDU  |d 2019-11-20  |i 3651282  |o 813 TWA 1994  |p 3651282  |r 2019-11-20  |w 2019-11-20  |y BK  |k LIT